Southville International School and Colleges
Your cart is empty.
  • Cart
  • Lists
    Public lists Eva Luna New books Lux_list list_1
    Your lists Log in to create your own lists
  • Log in to your account
  • Your cookies
  • Search history
Southville International School and Colleges
  • Advanced search
  • Recent comments
  • Most popular
  • Libraries

Log in to your account

Log in with GOOGLE


If you do not have an external account, but do have a local account, you can still log in:

  1. Home
  2. MARC view: You call that a job? /
Normal view MARC view ISBD view

You call that a job? / (Record no. 33434)

[ view plain ]
MARC details
000 -LEADER
fixed length control field 00874cam a22003134a 4500
001 - CONTROL NUMBER
control field 14496939
003 - CONTROL NUMBER IDENTIFIER
control field OSt
005 - DATE AND TIME OF LATEST TRANSACTION
control field 20140310184259.0
008 - FIXED-LENGTH DATA ELEMENTS--GENERAL INFORMATION
fixed length control field 060812s2006 nyu j 000 0 eng
010 ## - LIBRARY OF CONGRESS CONTROL NUMBER
LC control number 2006297400
020 ## - INTERNATIONAL STANDARD BOOK NUMBER
International Standard Book Number 0439740371 (pbk.)
040 ## - CATALOGING SOURCE
Original cataloging agency DLC
Transcribing agency DLC
050 00 - LIBRARY OF CONGRESS CALL NUMBER
Classification number HF 5381.2
Item number .D35 2006
100 1# - MAIN ENTRY--PERSONAL NAME
Personal name Daley, Patrick.
9 (RLIN) 22946
245 10 - TITLE STATEMENT
Title You call that a job? /
Remainder of title Patrick Daley.
260 ## - PUBLICATION, DISTRIBUTION, ETC. (IMPRINT)
Place of publication, distribution, etc New York :
Name of publisher, distributor, etc Scholastic,
Date of publication, distribution, etc 2006.
300 ## - PHYSICAL DESCRIPTION
Extent 16 p. ;
Dimensions 23 cm.
490 0# - SERIES STATEMENT
Series statement Scholastic FX books ;
Volume number/sequential designation book 21
521 ## - TARGET AUDIENCE NOTE
Target audience note
526 ## - STUDY PROGRAM INFORMATION NOTE
Reading level 230
650 #0 - SUBJECT ADDED ENTRY--TOPICAL TERM
Topical term or geographic name as entry element Occupations
Form subdivision Juvenile literature.
9 (RLIN) 22947
906 ## - LOCAL DATA ELEMENT F, LDF (RLIN)
a 7
b cbc
c orignew
d 2
e ncip
f 20
g y-gencatlg
942 ## - ADDED ENTRY ELEMENTS (KOHA)
Source of classification or shelving scheme Library of Congress Classification
Koha item type
Holdings
Withdrawn status Lost status Source of classification or shelving scheme Damaged status Home library Current library Shelving location Date acquired Total Checkouts Full call number Barcode Date last seen Copy number Price effective from Koha item type Date checked out
    Library of Congress Classification   Luxembourg Library Luxembourg Library Scholastic Reading Center Section 10/02/2013   HF 5381.2 .D35 2006 LEX1627 04/18/2017 1 10/02/2013 Books  
    Library of Congress Classification   Luxembourg Library Luxembourg Library Scholastic Reading Center Section 10/02/2013 1 HF 5381.2 .D35 2006 LEX0450 04/18/2017 2 10/02/2013 Books 06/10/2014
    Library of Congress Classification   Luxembourg Library Luxembourg Library Scholastic Reading Center Section 10/02/2013   HF 5381.2 .D35 2006 LEX0930 04/18/2017 3 10/02/2013 Books  
    Library of Congress Classification   Luxembourg Library Luxembourg Library Scholastic Reading Center Section 10/02/2013   HF 5381.2 .D35 2006 LEX0449 04/18/2017 4 10/02/2013 Books  
    Library of Congress Classification   Luxembourg Library Luxembourg Library Scholastic Reading Center Section 10/16/2013   HF 5381.2 .D35 2006 SCHO0223 04/18/2017 5 10/16/2013 Books  

You call that a job? /

APA

Daley P., . (2006). You call that a job?. New York: Scholastic.

Chicago

Daley Patrick, . 2006. You call that a job?. New York: Scholastic.

Harvard

Daley P., . (2006). You call that a job?. New York: Scholastic.

MLA

Daley Patrick, . You call that a job?. New York: Scholastic. 2006.

  • Place hold
  • Print
  • Cite
  • Add to your cart (remove)
  • Save record
    BIBTEX Dublin Core MARCXML MARC (non-Unicode/MARC-8) MARC (Unicode/UTF-8) MARC (Unicode/UTF-8, Standard) MODS (XML) RIS
  • More searches
    Search for this title in:
    Other Libraries (WorldCat) Other Databases (Google Scholar) Online Stores (Bookfinder.com) Open Library (openlibrary.org)

Exporting to Dublin Core...

SOUTHVILLE LIBRARY

Southville International School and Colleges Library

1281 Tropical Ave. Cor. Luxembourg St., BF Homes International, Las Pinas City

Tel. No. 8256374 / 252358 Loc. 117/146

Powered by Koha